Okosétel bevezetése a magyar piacra

Bibliographic Details
Main Author: Varga Eszter Anna
Other Authors: Kopcsay Dr. László
Petrányi-Széll András
Format: Thesis
Kulcsszavak:Marketingstratégia
Okosétel
Termékbevezetés
Magyarország
Élelmiszer
Online Access:http://dolgozattar.uni-bge.hu/18782

MARC

LEADER 00000nta a2200000 i 4500
001 dolg18782
005 20200319124208.0
008 181203suuuu hu om 000 hun d
040 |a BGE Dolgozattár Repozitórium  |b hun 
041 |a hu 
100 1 |a Varga Eszter Anna 
245 1 0 |a Okosétel bevezetése a magyar piacra  |c Varga Eszter Anna  |h [elektronikus dokumentum] 
695 |a Marketingstratégia 
695 |a Okosétel 
695 |a Termékbevezetés 
695 |a Magyarország 
695 |a Élelmiszer 
700 1 |a Kopcsay Dr. László  |e ths 
700 1 |a Petrányi-Széll András  |e ths 
856 4 0 |u http://dolgozattar.uni-bge.hu/18782/1/Varga_Eszter_smartfood.pdf  |z Dokumentum-elérés 
856 4 0 |u http://dolgozattar.uni-bge.hu/18782/7/HivatalosBejegyzes.pdf  |z Dokumentum-elérés